LEADER 04340nam 2200793 450 001 9910464660303321 005 20210423022201.0 010 $a3-11-055450-X 010 $a3-11-038176-1 010 $a3-11-029047-2 024 7 $a10.1515/9783110290479 035 $a(CKB)3360000000514948 035 $a(EBL)1249986 035 $a(SSID)ssj0001460002 035 $a(PQKBManifestationID)11833245 035 $a(PQKBTitleCode)TC0001460002 035 $a(PQKBWorkID)11465853 035 $a(PQKB)10589846 035 $a(DE-B1597)177283 035 $a(OCoLC)907337331 035 $a(DE-B1597)9783110290479 035 $a(MiAaPQ)EBC1249986 035 $a(Au-PeEL)EBL1249986 035 $a(CaPaEBR)ebr11049528 035 $a(CaONFJC)MIL808318 035 $a(EXLCZ)993360000000514948 100 $a20150327h20152015 uy| 0 101 0 $aeng 135 $aur||#|||||||| 181 $ctxt 182 $cc 183 $acr 200 10$aSoil and plant analysis for forest ecosystem characterization /$fby Daniel John Vogt, Joel P. Tilley, Robert L. Edmonds 210 1$aBerlin ;$aBoston :$cWalter de Gruyter GmbH & Co., KG,$d[2015] 210 4$d©2015 215 $a1 online resource (242 p.) 225 1 $aEcosystem science and applications 300 $aDescription based upon print version of record. 311 $a3-11-029048-0 311 $a3-11-029029-4 320 $aIncludes bibliographical references and subject index. 327 $tFront matter --$tAcknowledgments --$tAcronyms --$tContents --$tList of Tables --$tList of Figures --$tList of Equations --$tChapter 1. Overview of Soil and Plant Analysis for Forest Ecosystems --$tChapter 2. Field Characterization of Soils to Establish Sampling Protocols --$tChapter 3. Plant Tissue Characterization --$tChapter 4. Introduction: Laboratory Practices --$tChapter 5. Methods for Analyzing Soil Physical Characteristics --$tChapter 6. Soil Chemical Characterization --$tChapter 7. Total Plant and Soil Nutrient Analysis (Digestion) --$tChapter 8. Soil Biology Characterization --$tAppendices --$tReferences --$tSubject Index 330 $aThis handbook provides an overview of physical, chemical and biological methods used to analyze soils and plant tissue using an ecosystem perspective. The current emphasis on climate change has recognized the importance of including soil carbon as part of our carbon budgets. Methods to assess soils must be ecosystem based if they are to have utility for policy makers and managers wanting to change soil carbon and nutrient pools. Most of the texts on soil analysis treat agriculture and not forest soils and these methods do not transfer readily to forests because of their different chemistry and physical properties. This manual presents methods for soil and plant analysis with the ecosystem level approach that will reduce the risk that poor management decisions will be made in forests. This manual was intended for the instructors that teach students soil and plant analyses; however it can also be used by the research laboratories and by environmental scientists. The laboratory procedures in this manual are outlined in easy-to-follow steps and frequently accompanied with examples of calculations, questions to answer, and also a blank data sheet to use. These methods used in this manual can be used on soil and plant tissues found in agricultural, horticulture, forestry, urban, and natural lands. 410 0$aEcosystem science and applications. 606 $aForest ecology 606 $aForest type groups 606 $aForest plants 606 $aForest soils 606 $aSoils$xOrganic compound content 606 $aPlant communities 608 $aElectronic books. 615 0$aForest ecology. 615 0$aForest type groups. 615 0$aForest plants. 615 0$aForest soils. 615 0$aSoils$xOrganic compound content. 615 0$aPlant communities. 676 $a577.3 686 $aZC 14500$2rvk 700 $aVogt$b Daniel$f1945-$01034961 702 $aTilley$b Joel P. 702 $aEdmonds$b Robert L. 801 0$bMiAaPQ 801 1$bMiAaPQ 801 2$bMiAaPQ 906 $aBOOK 912 $a9910464660303321 996 $aSoil and plant analysis for forest ecosystem characterization$92454391 997 $aUNINA LEADER 02451nas 2200709-a 450 001 9910891230203321 005 20260218110057.0 011 $a1609-6932 035 $a(DE-599)ZDB2045293-7 035 $a(CKB)111006489772052 035 $a(CONSER)--2001253005 035 $a(DE-599)2063950-8 035 $a(EXLCZ)99111006489772052 100 $a20010828b20012001 -f- - 101 0 $aeng 181 $ctxt$2rdacontent 182 $cc$2rdamedia 183 $acr$2rdacarrier 200 00$aIndicators of industry and services =$eIndicateurs de l'industrie et des services 210 $aParis $cOrganisation for Economic Co-operation and Development$d©2001-©2002 215 $a1 online resource 225 1 $aStatistics =$aStatistiques 311 08$aPrint version: Indicators of industry and services = 1609-8714 (DLC) 2001253005 (OCoLC)47858464 410 0$aStatistics (Organisation for Economic Co-operation and Development) 517 3 $aIndicateurs de l'industrie et des services 531 $aINDICATORS OF INDUSTRY & SERVICES 606 $aIndustrial statistics$vPeriodicals 606 $aService industries$vStatistics$vPeriodicals 606 $aStatistiques industrielles$vPériodiques 606 $aServices (Industrie)$vPériodiques 606 $aIndustrial statistics$2fast$3(OCoLC)fst00971751 606 $aService industries$2fast$3(OCoLC)fst01113407 606 $aEconomische ontwikkeling$2gtt 606 $aIndustriekonjunktur$2stw 606 $aOECD-Staaten$2stw 606 $aG-7-Staaten$2stw 606 $aNordamerika$2stw 606 $aEuropa$2stw 606 $aEU-Staaten$2stw 608 $aPeriodicals.$2fast 608 $aStatistics.$2fast 608 $aPeriodicals.$2lcgft 615 0$aIndustrial statistics 615 0$aService industries 615 6$aStatistiques industrielles 615 6$aServices (Industrie) 615 7$aIndustrial statistics. 615 7$aService industries. 615 17$aEconomische ontwikkeling. 615 7$aIndustriekonjunktur. 615 7$aOECD-Staaten. 615 7$aG-7-Staaten. 615 7$aNordamerika. 615 7$aEuropa. 615 7$aEU-Staaten. 676 $a338/.002/12 712 02$aOrganisation for Economic Co-operation and Development, 906 $aJOURNAL 912 $a9910891230203321 920 $aexl_impl conversion 996 $aIndicators of industry and services$94238688 997 $aUNINA